Biblioteka Instytutu Północnego w Olsztynie

Droga Krzyżowa tudzież pieśni i modlitwy o męce Pańskiej oraz Gorzkie Żale. (Rekord nr 27327)

Szczegóły MARC
000 -Nagłówek
fixed length control field 01444cam a2200397 i 4500
001 - Nr kontrolny bibl., która utworzyła rek.
control field xx005915738
003 - Siglum bibl., której nr kontr. jest w 001
control field NUKAT
005 - Data i czas ostatniej operacji
control field 20260329101734.0
008 - Elementy pola stałej długości
fixed length control field 260329s1929 pl |000 0 pol c
035 ## - Systemowy numer kontrolny
systemowy numer kontrolny (NUKAT)xx005915738
040 ## - Instytucja sporządzająca opis
Instytucja, która sporządziła opis OLSZT 008/AL
język katalgowania-trzyzn. kod pol
zasady opisu rda
Instytucja, która sporządziła rekord OLSZT 008/AL
046 ## - Kod rodz. daty, data1, data2 (daty pne)
Begin/single date 1929
245 00 - Tytuł właściwy i oznaczenie odpow.
tytuł Droga Krzyżowa tudzież pieśni i modlitwy o męce Pańskiej oraz Gorzkie Żale.
260 ## - Adres wydawniczy
miejsce wydania, dystrybucji itp. Olsztyn :
nazwa wydawcy, dystrybutora itp. nakładem Związku Towarzystw Młodzieży w Prusach Wschodnich,
data wydania, dystrybucji itp. 1929
miejsce druku (Olsztyn :
nazwa drukarni drukiem Gazety Olsztyńskiej).
300 ## - Opis fizyczny
objętość i/lub forma materiału 48 stron ;
format 16 cm.
336 ## - Content Type
Term Tekst
Code txt
Source rdacontent
337 ## - Media Type
Term Bez urządzenia pośredniczącego
Code n
Source rdamedia
338 ## - Carrier Type
Term Wolumin
Code nc
Source rdacarrier
380 ## - Form of work
Form of work Książki
380 ## - Form of work
Form of work Publikacje religijne
388 1# - TIME PERIOD OF CREATION
Time period of creation term 1901-2000
388 1# - TIME PERIOD OF CREATION
Time period of creation term 1918-1939
500 ## - Uwaga ogólna
uwaga ogólna Zawiera nuty.
600 07 - Hasło przedmiotowe-nazwa osobowa
nazwa osobowa Jezus Chrystus
źródło hasła DBN
9 (RLIN) 36603
600 07 - Hasło przedmiotowe-nazwa osobowa
nazwa osobowa Jezus Chrystus
określnik rzeczowy męka
określnik formy medytacje.
źródło hasła kaba
9 (RLIN) 39159
650 #7 - Hasło przedmiotowe-nazwa pospolita
nazwa pospolita lub geogr. Droga krzyżowa
źródło hasła DBN
9 (RLIN) 37375
650 #7 - Hasło przedmiotowe-nazwa pospolita
nazwa pospolita lub geogr. Gorzkie żale
źródło hasła DBN
9 (RLIN) 37378
650 #7 - Hasło przedmiotowe-nazwa pospolita
nazwa pospolita lub geogr. Wielki Post
źródło hasła DBN
9 (RLIN) 39160
650 #7 - Hasło przedmiotowe-nazwa pospolita
nazwa pospolita lub geogr. Droga Krzyżowa
określnik formy medytacje.
źródło hasła kaba
9 (RLIN) 37376
650 #7 - Hasło przedmiotowe-nazwa pospolita
nazwa pospolita lub geogr. Gorzkie żale
określnik formy teksty.
źródło hasła kaba
9 (RLIN) 39161
650 #7 - Hasło przedmiotowe-nazwa pospolita
nazwa pospolita lub geogr. Pieśni wielkopostne
określnik formy teksty.
źródło hasła kaba
9 (RLIN) 37394
655 #7 - Termin określający rodzaj/formę
rodzaj/forma Modlitewnik
źródło terminu DBN
9 (RLIN) 36203
658 ## - Nazwa określająca cel programu nauczania
główny cel programu nauczania Religia i duchowość
710 2# - Hasło dodatkowe - nazwa ciała zbior.
nazwa ciała zbior. lub nazwa geogr. Związek Towarzystw Młodzieży w Prusach Wschodnich.
rodzaj współpracy Wydawca
kod rodzaju współpracy pbl
9 (RLIN) 7040
942 ## - ADDED ENTRY ELEMENTS (KOHA)
Source of classification or shelving scheme Dewey Decimal Classification
Koha item type pozycje dostępne na miejscu
Egzemplarze
Status wycofania Status zagubienia Klasyfikacja Status uszkodzenia Blokada wypożyczeń Kolekcja Lokalizacja macierzysta Lokalizacja bieżąca Data nabycia Numer akcesji Nr inwentarzowy il. wypożyczeń Sygnatura Kod kreskowy Date last seen Price effective from Typ egz.
    Dewey Decimal Classification nieuszkodzona   Pracownia Badań Księgozbiorów Historycznych Biblioteka Instytutu Północnego w Olsztynie Pracownia Badań Księgozbiorów Historycznych 29/03/2026 W-141/1969 14704   14704 IPWK20974 29/03/2026 29/03/2026 pozycje dostępne na miejscu
Biblioteka Instytutu Północnego, ul. Partyzantów 87, 10-402 Olsztyn, email: biblioteka(at)ip.olsztyn.pl